|
|
|
|
| LEADER |
00875nab a2200241 i 4500 |
| 001 |
misc62304 |
| 005 |
20221019150220.0 |
| 008 |
220128s1942 hu o 0|| hun d |
| 040 |
|
|
|a SZTE Miscellanea Repozitórium
|b hun
|
| 041 |
|
|
|a hun
|
| 041 |
|
|
|a tut
|
| 100 |
1 |
|
|a Eren Hasan
|
| 245 |
1 |
2 |
|a A török magánhangzóváltakozások
|h [elektronikus dokumentum] /
|c Eren Hasan
|
| 260 |
|
|
|a Hornyánszky Ny.
|b Budapest
|c 1942
|
| 300 |
|
|
|a 356-373
|c 23 cm
|
| 300 |
|
|
|a 20 p.
|c 23 cm
|
| 490 |
0 |
|
|a Nyelvtudományi közlemények : a Magyar Tudományos Akadémia Nyelvtudományi Intézetének folyóirata
|
| 561 |
|
|
|a Németh Gyula hagyaték
|
| 591 |
|
|
|a LOA 986; XKEK 2854
|
| 650 |
|
4 |
|a Bölcsészettudományok
|
| 650 |
|
4 |
|a Nyelvek és irodalom
|
| 695 |
|
|
|a Török nyelv - hangtan
|
| 856 |
4 |
0 |
|u http://misc.bibl.u-szeged.hu/62304/1/1507_noa_e86.pdf
|z Dokumentum-elérés
|